<?xml version="1.0" encoding="UTF-8"?>
<marc:record xmlns:marc="http://www.loc.gov/MARC21/slim">
   <marc:leader>00000nam a2200000 a 4500</marc:leader>
   <marc:datafield ind1=" " ind2=" " tag="653">
      <marc:subfield code="a">Softcover / Belletristik/Zweisprachige Ausgaben</marc:subfield>
   </marc:datafield>
   <marc:datafield ind1="0" ind2="0" tag="245">
      <marc:subfield code="a">Oha, sivec!</marc:subfield>
   </marc:datafield>
   <marc:datafield ind1="0" ind2="0" tag="245">
      <marc:subfield code="c">Fabjan Hafner</marc:subfield>
   </marc:datafield>
   <marc:datafield ind1=" " ind2="1" tag="264">
      <marc:subfield code="a">Klagenfurt</marc:subfield>
      <marc:subfield code="b">Hermagoras</marc:subfield>
      <marc:subfield code="c">2014</marc:subfield>
   </marc:datafield>
   <marc:datafield ind1=" " ind2=" " tag="250">
      <marc:subfield code="a">1. Aufl.</marc:subfield>
   </marc:datafield>
   <marc:datafield ind1="1" ind2=" " tag="520">
      <marc:subfield code="a">Angaben aus der Verlagsmeldung

Handke und seine slowemische Wurzeln

Peter Handke hat seine slowenischen Wurzeln nie verleugnet, sondern von seinem Erstling "Die Hornissen" (1966) über den Roman "Die Wiederholung" (1986) zu seinem vielfach ausgezeichneten Drama "Immer noch Sturm" (2010) immer wieder thematisiert. Die biographischen, sprachlichen und geographischen Aspekte dieser bald ein halbes Jahrhundert währenden Annäherung an die eigenen Ursprünge führt Fabjan Hafner – gestützt durch zahlreiche Zitate aus den Werken und Interviews Peter Handkes – so kompakt wie anschauchlich vor Augen.
</marc:subfield>
   </marc:datafield>
   <marc:datafield ind1=" " ind2=" " tag="020">
      <marc:subfield code="a">9783708607986</marc:subfield>
      <marc:subfield code="9">9783708607986</marc:subfield>
   </marc:datafield>
   <marc:datafield ind1=" " ind2=" " tag="041">
      <marc:subfield code="a">ger</marc:subfield>
   </marc:datafield>
   <marc:datafield ind1=" " ind2=" " tag="300">
      <marc:subfield code="a">60 S.</marc:subfield>
   </marc:datafield>
</marc:record>
